Relative Contribution of Different Management Factors on the Yield and Quality of Sugarcane Ratoon / (Record no. 50570)

MARC details
000 -LEADER
fixed length control field 00549nam a22001937a 4500
003 - CONTROL NUMBER IDENTIFIER
control field OSt
008 - FIXED-LENGTH DATA ELEMENTS--GENERAL INFORMATION
fixed length control field 260513b |||||||| |||| 00| 0 eng d
082 ## - DEWEY DECIMAL CLASSIFICATION NUMBER
Classification number 633.61
Item number D81R
100 ## - MAIN ENTRY--PERSONAL NAME
Personal name Dubey, Brajeshwar.
245 ## - TITLE STATEMENT
Title Relative Contribution of Different Management Factors on the Yield and Quality of Sugarcane Ratoon /
Statement of responsibility, etc. by Brajeshwar Dubey
260 ## - PUBLICATION, DISTRIBUTION, ETC. (IMPRINT)
Place of publication, distribution, etc .- Pusa, Samastipur
Name of publisher, distributor, etc : RAU
Date of publication, distribution, etc , 1991
300 ## - PHYSICAL DESCRIPTION
Extent 115p.
502 ## - DISSERTATION NOTE
Degree type M. Sc.
Year degree granted 1991
650 ## - SUBJECT ADDED ENTRY--TOPICAL TERM
Topical term or geographic name as entry element Agronomy
650 ## - SUBJECT ADDED ENTRY--TOPICAL TERM
Topical term or geographic name as entry element Sugarcane
650 ## - SUBJECT ADDED ENTRY--TOPICAL TERM
Topical term or geographic name as entry element Thesis
650 ## - SUBJECT ADDED ENTRY--TOPICAL TERM
Topical term or geographic name as entry element M. Sc.
942 ## - ADDED ENTRY ELEMENTS (KOHA)
Source of classification or shelving scheme
Koha item type Thesis
Holdings
Withdrawn status Lost status Source of classification or shelving scheme Damaged status Not for loan Home library Current library Date acquired Cost, normal purchase price Total Checkouts Full call number Barcode Date last seen Bill Date Koha item type Bill Number
          Dr. Rajendra Prasad Central Agricultural University Pusa, Dr. Rajendra Prasad Central Agricultural University Pusa, 13/05/2026 0.00   633.61 D81R 43339-UL 13/05/2026 13/05/2026 Thesis Gift
Hosted, Implemented, Customized & Maintained by: BestBookBuddies

Powered by Koha